| 000 | 00363cam a22001097a 4500 | ||
|---|---|---|---|
| 008 | 180718b1987 xxu||||| |||| 00| 0 eng d | ||
| 082 | _aT41 R311mm | ||
| 245 |
_aReport of the working group on the money market _cby Reserve Bank Of India, Maharashtra |
||
| 260 |
_aBombay _bReserve Bank Of India _c1987 |
||
| 300 | _a49p. | ||
| 700 | _aMaharashtra. Reserve Bank Of India | ||
| 999 |
_c497957 _d497957 |
||